000 03042nam0a2200385 4500
001 RU\NLR\BIBL_A\011791076
005 20190812100656.0
010 _a978-5-262-00827-8
_9100
021 _aRU
_bКН-П-18-059682
_9КН-П-18-4295
035 _a(NLR Aleph) 011791076
035 _a(RuMoRGB)009713667
090 _a11822476
_c11822476
100 _a20180912d2018 k y0rusy50 ca
101 0 _arus
_deng
102 _aRU
105 _aa|||zzzz0|1zy
200 1 _aНаучно-техническое и социально-экономическое сотрудничество стран АТР в XXI веке
_eтруды Всероссийской научно-практической конференции творческой молодежи с международным участием (Хабаровск, 17-19 апреля 2018 г.)
_fМинистерство транспорта Российской Федерации, Федеральное агентство железнодорожного транспорта, Дальневосточная железная дорога - филиал ОАО "РЖД", Федеральное государственное бюджетное образовательное учреждение высшего образования "Дальневосточный государственный университет путей сообщения"
_gпод редакцией С. А. Кудрявцева
210 _aХабаровск
_cИзд-во ДВГУПС
_d2018
215 _a103, [1] с.
_cил., табл.
_d20
300 _aРез. англ.
313 _aПо пред. конф. 2017 г.
320 _aБиблиогр. в конце ст.
606 1 _aТехника
_jСъезды, совещания и т.п
_91247040
_3RU\NLR\AUTH\66510030
607 _aАзиатско-Тихоокеанские страны
_jСъезды, совещания и т.п
_xЭкономические взаимоотношения
_92479060
_3RU\NLR\AUTH\661471803
686 1 _aЖ.я431(2)
686 1 _aУ9(57)89я431
702 1 _4340
_7ca
_8rus
_aКудрявцев
_bС. А.
_cд-р техн. наук
_f1957-
_gСергей Анатольевич
_9103213
_3RU\NLR\AUTH\77120288
711 1 2 _a"Научно-техническое и социально-экономическое сотрудничество стран АТР в XXI веке", всероссийская научно-практическая конференция творческой молодежи с международным участием
_eХабаровск
_f2018
_9625064
_3RU\NLR\AUTH\880482271
712 0 2 _4475
_aДальневосточный государственный университет путей сообщения
_cХабаровск
_9320559
_3RU\NLR\AUTH\8823063
942 _cBOOK
980 _aNBR
980 _aNB